|
|
|
|
| LEADER |
02305nam a2200529 a 4500 |
| 001 |
nkc20071783097 |
| 003 |
CZ PrNK |
| 005 |
20080519141825.0 |
| 007 |
ta |
| 008 |
071212s2007 xr a f 000 0 cze |
| 015 |
|
|
|a cnb001783097
|
| 020 |
|
|
|a 978-80-7380-077-2
|q (brož.)
|
| 035 |
|
|
|a (OCoLC)228669266
|
| 040 |
|
|
|a ABA001
|b cze
|
| 072 |
|
7 |
|a 339.7/.9
|x Světová ekonomika a mezinárodní finance
|2 Konspekt
|9 4
|
| 080 |
|
|
|a 339.92
|2 MRF
|
| 080 |
|
|
|a 327:341.17
|2 MRF
|
| 080 |
|
|
|a 339.738
|2 MRF
|
| 080 |
|
|
|a 330.35
|2 MRF
|
| 080 |
|
|
|a (4)
|2 MRF
|
| 080 |
|
|
|a (048.8)
|2 MRF
|
| 100 |
1 |
|
|a Lacina, Lubor,
|d 1969-
|7 xx0000403
|4 aut
|
| 245 |
1 |
0 |
|a Evropská unie :
|b trendy, příležitosti, rizika /
|c Lubor Lacina, Antonín Rusek a kolektiv
|
| 246 |
1 |
|
|i Název v tiráži:
|a Evropská unie - trendy, příležitosti, rizika
|
| 260 |
|
|
|a Plzeň :
|b Vydavatelství a nakladatelství Aleš Čeněk,
|c 2007
|
| 300 |
|
|
|a 260 s. :
|b il. ;
|c 21 cm
|
| 504 |
|
|
|a Obsahuje bibliografii a bibliografické odkazy
|
| 500 |
|
|
|a Dostupné též v digitální podobě v aplikaci Kramerius
|
| 610 |
2 |
7 |
|a Evropská unie
|7 kn20010711086
|2 czenas
|
| 650 |
0 |
7 |
|a ekonomická integrace
|7 ph119825
|z země Evropské unie
|2 czenas
|
| 650 |
0 |
7 |
|a politická integrace
|7 ph137470
|z země Evropské unie
|2 czenas
|
| 650 |
0 |
7 |
|a měnová integrace
|7 ph137264
|z země Evropské unie
|2 czenas
|
| 650 |
0 |
7 |
|a ekonomický růst
|7 ph114429
|z země Evropské unie
|2 czenas
|
| 650 |
0 |
9 |
|a economic integration
|z European Union countries
|2 eczenas
|
| 650 |
0 |
9 |
|a political integration
|z European Union countries
|2 eczenas
|
| 650 |
0 |
9 |
|a monetary integration
|z European Union countries
|2 eczenas
|
| 650 |
0 |
9 |
|a economic development
|z European Union countries
|2 eczenas
|
| 655 |
|
7 |
|a studie
|7 fd133597
|2 czenas
|
| 655 |
|
9 |
|a studies
|2 eczenas
|
| 700 |
1 |
|
|a Rusek, Antonin,
|d 1949-
|7 jx20080213023
|4 aut
|
| 856 |
4 |
1 |
|u http://www.digitalniknihovna.cz/mzk/uuid/uuid:5602e1b0-a579-11ef-af6a-0050568d319f
|y Digitalizovaný dokument
|x NDK
|
| 910 |
2 |
|
|a BOA001
|b 2-1200.770
|
| 990 |
|
|
|a BK
|
| 995 |
|
|
|a 01
|
| 991 |
|
|
|b 200803
|c NOV
|
| 996 |
6 |
|
|b 2610337487
|c 2-1200.770
|l MZK
|r Sklad / do 1 hodiny
|n 2
|p p.v.
|w 000887730
|u 000010
|a 1
|e BOA001
|j MZK50
|s P
|
| 996 |
7 |
|
|b 2610342831
|c 2-1200.770
|l Vol.výběr
|r VV 0p
|n 61
|p kup
|h 339 LAC
|w 000887730
|u 000020
|a 0
|e BOA001
|j MZK50
|s A
|